La nueva divisin̤ de poderes

Bibliographic Details
Main Author: Ackerman, Bruce
Format: Book
Language:Spanish
Published: Mx̌ico Fondo de Cultura Econm̤ica 2007
Subjects:
Online Access:Acceso restringido

MARC

LEADER 00000nam a22000007a 4500
005 20151022123352.0
007 cr|||| ||u|
008 151022s2007 mx ||||| |||| 00| 0 spa d
020 |a 978-968-16-7748-0 
035 |a 12889 
040 |a vLex 
090 |c 5614  |d 5614 
100 1 |a Ackerman, Bruce 
245 1 3 |a La nueva divisin̤ de poderes  |h [Recurso electrn̤ico] /  |c Bruce Ackerman  
256 |a Servicio en ln̕ea 
260 |a Mx̌ico  |b Fondo de Cultura Econm̤ica  |c 2007 
300 |a 1 recurso electrn̤ico (198 Pg̀inas) 
506 1 |a Contenido soli disponible en los productos indicados  |d vLex Global  |d vLex Global (Academic Edition, excluding Law Schools)  |d vLex Global (U.S. Academic Edition, Law Schools)  |d vLex Global (U.S. Academic Edition, excluding Law Schools)  |d vLex Global (Academic Edition, Law Schools) 
650 0 4 |a Derecho  |z Mx̌ico 
740 0 |a vLex libros (servicio en ln̕ea) 
856 4 0 |u http://vlex.com/source/nueva-division-poderes-12889  |z Acceso restringido 
942 |c BOOK 
999 0 |a Law